LEADER 02062nam 2200565 a 450 001 9910457892403321 005 20200520144314.0 010 $a1-283-25912-5 010 $a9786613259127 010 $a1-61121-073-9 035 $a(CKB)2550000000054485 035 $a(StDuBDS)AH24486093 035 $a(SSID)ssj0000536724 035 $a(PQKBManifestationID)12223616 035 $a(PQKBTitleCode)TC0000536724 035 $a(PQKBWorkID)10550730 035 $a(PQKB)10941722 035 $a(MiAaPQ)EBC3007466 035 $a(Au-PeEL)EBL3007466 035 $a(CaPaEBR)ebr10498890 035 $a(CaONFJC)MIL325912 035 $a(OCoLC)923617836 035 $a(EXLCZ)992550000000054485 100 $a20110329d2011 uy 0 101 0 $aeng 135 $aur||||||||||| 181 $ctxt 182 $cc 183 $acr 200 10$aFlames beyond Gettysburg$b[electronic resource] $ethe Confederate expedition to the Susquehanna River, June 1863 /$fScott L. Mingus, Sr 205 $a1st Savas Beatie ed. 210 $aNew York $cSavas Beatie$dc2011 215 $a1 online resource (xii, 396 p. ) $cill., maps 300 $aOriginally published as Flames beyond Gettysburg: the Gordon Expedition, June 1863 (Ironclas Publishing, 2009, Vol. 5, Discovering Civil War America series). 311 $a1-61121-072-0 320 $aIncludes bibliographical references and index. 330 8 $aBased upon extensive primary source material and featuring original maps, the fast-paced and gracefully written 'Flames Beyond Gettysburg' is a welcomed and important addition to the Gettysburg literature. 606 $aGettysburg Campaign, 1863 607 $aSusquehanna River Valley$xHistory, Military$y19th century 608 $aElectronic books. 615 0$aGettysburg Campaign, 1863. 676 $a973.7/349 700 $aMingus$b Scott L$0934837 801 0$bMiAaPQ 801 1$bMiAaPQ 801 2$bMiAaPQ 906 $aBOOK 912 $a9910457892403321 996 $aFlames beyond Gettysburg$92105238 997 $aUNINA LEADER 02918nam 2200709 450 001 9910808845203321 005 20231206215257.0 010 $a1-280-12944-1 010 $a9786613533326 010 $a1-926836-59-6 035 $a(CKB)2670000000155705 035 $a(EBL)867848 035 $a(OCoLC)748089044 035 $a(SSID)ssj0000659630 035 $a(PQKBManifestationID)12269437 035 $a(PQKBTitleCode)TC0000659630 035 $a(PQKBWorkID)10697979 035 $a(PQKB)10558353 035 $a(CEL)443511 035 $a(CaBNVSL)slc00228574 035 $a(Au-PeEL)EBL4839984 035 $a(CaPaEBR)ebr11376434 035 $a(CaONFJC)MIL353332 035 $a(OCoLC)986103019 035 $a(Au-PeEL)EBL867848 035 $a(VaAlCD)20.500.12592/1677pk 035 $a(MiAaPQ)EBC4839984 035 $a(MiAaPQ)EBC867848 035 $a(MiAaPQ)EBC3279042 035 $a(EXLCZ)992670000000155705 100 $a20170510h20122012 uy 0 101 0 $aeng 135 $aur|n|---||||| 181 $ctxt$2rdacontent 182 $cc$2rdamedia 183 $acr$2rdacarrier 200 10$aWorking people in Alberta $ea history /$fAlvin Finkel ; with contributions by Jason Foster [and seven others] 210 1$aEdmonton, [Alberta] :$cAU Press,$d2012. 210 4$dİ2012 215 $a1 online resource (345 pages) $cillustrations 225 0 $aWorking Canadians: Books from the CCLH,$x1925-184X 311 $a1-926836-58-8 320 $aIncludes bibliographical references and index. 327 $aCover Page -- Title Page -- Copyright Page -- Dedication -- Contents -- Acknowledgements -- Introduction: Those Who Built Alberta -- 1 Millennia of Native Work -- 2 The Fur Trade and Early European Settlement -- 3 One Step Forward: Alberta Workers 1885-1914 -- 4 War, Repression, and Depression, 1914-1939 -- 5 Alberta Labour and Working-Class Life, 1940-1959 -- 6 The Boomers Become the Workers: Alberta, 1960-1980 -- 7 Alberta Labour in the 1980s -- 8 Revolution, Retrenchment, and the New Normal: The 1990s and Beyond -- 9 Women, Labour, and the Labour Movement -- 10 Racialization and Work -- Conclusion: A History to Build Upon -- Notes -- Bibliography -- Contributors -- Index. 330 $aA political and economic analysis of the history of working people in Alberta. 410 0$aWorking Canadians (Edmonton, Alta.),$x1925-1831. 606 $aLabor$zAlberta$xHistory 606 $aWorking class$zAlberta$xHistory 607 $aAlberta$xEconomic conditions 607 $aAlberta$xEconomic policy 615 0$aLabor$xHistory. 615 0$aWorking class$xHistory. 676 $a331.097123 700 $aFinkel$b Alvin$0252888 702 $aFoster$b Jason 801 0$bMiAaPQ 801 1$bMiAaPQ 801 2$bMiAaPQ 906 $aBOOK 912 $a9910808845203321 996 $aWorking people in Alberta$92248554 997 $aUNINA